Suelta el globo

Salvato in:
Dettagli Bibliografici
Autore principale: Southall, Iván (Autore)
Natura: Libro
Lingua:spagnolo
Pubblicazione: Madrid Ediciones SM 1988
Edizione:8a. ed
Serie:Colección El Barco de Vapor, 6
Soggetti:
Tags: Aggiungi Tag
Nessun Tag, puoi essere il primo ad aggiungerne!!

MARC

LEADER 00000nam a2200000 a 4500
001 UCH5598
003 CL-VaPUC
008 091014e19880000SP |||||||||||||||||spa|d
020 |a 8434808315 
082 0 4 |a 823  |b SOU  |2 21 
100 0 |a Southall, Iván  |e author  |9 541871 
245 1 0 |a Suelta el globo 
250 |a 8a. ed 
300 |a 156 p 
942 |c BK 
945 |d 20091014 00:00:00  |a lazolas 
260 |a Madrid  |b Ediciones SM  |c 1988 
650 0 |a Novelas inglesas  |9 265220 
650 0 |a Cuentos ingleses  |9 265135 
650 0 |a Literatura inglesa  |9 312907 
650 0 |a Literatura juvenil   |9 309909 
583 |a last modification  |c 20091014 00:00:00  |k Rodrigo Vera 
490 0 |a Colección El Barco de Vapor, 6 
999 |c 336708  |d 336706